| 000 | 00694nam a2200205 i 4500 | ||
|---|---|---|---|
| 001 | 108159 | ||
| 003 | ES-MaACL | ||
| 005 | 20250928105417.0 | ||
| 007 | t| | ||
| 008 | 061121s1935 sp r ||||1| spa d | ||
| 100 | 1 |
_aMontañés, Pablo. _982392 |
|
| 245 | 1 | 4 |
_aUna epidemia de paludismo a partir del virus palúdico / _cP. Montañés y M. Carderera. |
| 260 |
_aMadrid : _b[s.n.], _c1935 ( _fGráfica Universal) |
||
| 300 |
_a4 p. ; _c24 cm. |
||
| 595 | _aSeparata de: Revista de Sanidad e Higiene Pública, Año X, nº 9, septiembre 1935. | ||
| 650 | 0 | 4 |
_aPaludismo. _915811 |
| 700 | 1 |
_aCarderera, Mariano, _d1816-1893 _935158 |
|
| 852 |
_aES-MaACL _j1821-F-12 |
||
| 999 |
_c108159 _d108159 |
||